ბათუმის შოთა რუსთაველის სახელმწიფო უნივერსიტეტის ბიბლიოთეკა

ჰაივათას სიმღერა : (ბიბ.ჩანაწერი № 54924)

000 -ლიდერი
ფიქსირებული სიგრძის საკონტროლო ველი 01120nam a2200241Ia 4500
001 - საკონტროლო ნომერი
საკონტროლო ველი 21995
003 - საკონტროლო ნომრის იდენტიფიკატორი
საკონტროლო ველი GE_BSU
005 - ბოლო ოპერაციის თარიღი და დრო
საკონტროლო ველი 20220923122122.0
008 - ფიქსირებული სიგრძის მონაცემთა ელემენტები - ზოგადი ინფორმაცია
ფიქსირებული სიგრძის საკონტროლო ველი 181216s ||||ge |||||||||||||| ||geo||
040 ## - კატალოგიზაციის წყარო
Transcribing agency GE_BSU
041 ## - ენის კოდი
Language code of text/sound track or separate title geo
080 ## - უნივერსალური ათობითი კლასიფიკაციის ინდექსი
Universal Decimal Classification number 821.111-13 ლ-83
100 ## - მთავარი ჩანაწერი - პიროვნების სახელი
Personal name ლონგფელო, ჰენრი
9 (RLIN) 14724
245 ## - ცნობა სათაურის შესახებ
Title ჰაივათას სიმღერა :
Remainder of title [ლეგენდა ლექსად] /
Statement of responsibility, etc ჰენრი ლონგფელო ; ინგლისურიდან თარგმნა ო. ჭილაძემ ; მხატვარი ვ. გაბუნია.
264 ## - წარმოების, გამოცემის, დისტრიბუციის და სხვა ცნობები
გამოცემის, წარმოების, დისტრიბუციის... ადგილი თბილისი :
გამოცემის, წარმოების, დისტრიბუციის... სახელწოდება ნაკადული,
გამოცემის, წარმოების, დისტრიბუციის... თარიღი 1979.
300 ## - ფიზიკური აღწერა
Extent 160 გვ. :
Other physical details ილ. ;
Dimensions 22 სმ.
653 ## - INDEX TERM--UNCONTROLLED
Uncontrolled term მხატვრული ლიტერატურა
653 ## - INDEX TERM--UNCONTROLLED
Uncontrolled term ჰაივათას სიმღერა
653 ## - INDEX TERM--UNCONTROLLED
Uncontrolled term [ლეგენდა ლექსად]
700 ## - ADDED ENTRY--PERSONAL NAME
Personal name ჭილაძე, ო.
Relator term მთაგმნელი
9 (RLIN) 14725
700 ## - ADDED ENTRY--PERSONAL NAME
Personal name გაბუნია, ვ.
Relator term მხატვარი
9 (RLIN) 14726
942 ## - ADDED ENTRY ELEMENTS (KOHA)
Koha item type წიგნი
Source of classification or shelving scheme
ეგზემპლარები
ჩამოწერის სტატუსი დაკარგული ეგზემპლარის სტატუსი კლასიფიკაციის წყარო ან თაროზე გაწყობის სქემა დაზიანების სტატუსი არ გაიცემა მუდმივი მდებარეობა (დაცვის ადგილი) ამჟამინდელი ადგილსამყოფელი თაროზე განთავსების ადგილი შეძენის თარიღი ღირებულება, შესყიდვის ნორმალური ფასი სრული შენახვის შიფრი შტრიხკოდი ბოლო ოპერაციის თარიღი ეგზემპლარის მიმდევრობითი ნომერი (კეტერი?) ფასის ძალაში შესვლის თარიღი ეგზემპლარის სახეობა საჯარო შენიშვნა
          ბათუმის შოთა რუსთაველის სახელმწიფო უნივერსიტეტის მთავარი ბიბლიოთეკა ბათუმის შოთა რუსთაველის სახელმწიფო უნივერსიტეტის მთავარი ბიბლიოთეკა წიგნსაცავი 2018-12-17 8.00 821.111-13 ლ-83 56728 2018-12-17 56728 2018-12-17 წიგნი 8.00₾.
          ბათუმის შოთა რუსთაველის სახელმწიფო უნივერსიტეტის მთავარი ბიბლიოთეკა ბათუმის შოთა რუსთაველის სახელმწიფო უნივერსიტეტის მთავარი ბიბლიოთეკა წიგნსაცავი 2018-12-17 10.00 821.111-13 ლ-83 56729 2018-12-17 56729 2018-12-17 წიგნი 10.00 ₾.